International civil aviation today and twenty years later

Definícia megatrendov. Civilné letectvo - megatrendy za roky 1990-2010. Liberalizácia, nárast nízkonákladových aeroliniek. Zmeny, ktoré priniesol internet. Pohyby v cenách pohonných látok. Civilné letectvo - megatrendy pre nasledujúcich 20 rokov.

Guardado en:
Detalles Bibliográficos
Autor principal: Grančay, Martin, 1984-2024
Otros Autores: Szikorová, Nóra
Formato: Capítulo de libro
Lenguaje:inglés
Materias:
Etiquetas: Agregar Etiqueta
Sin Etiquetas, Sea el primero en etiquetar este registro!

MARC

LEADER 00000nla$a2200000$$$4500
001 0125391
005 20240502083318.3
041 0 |a eng 
044 |a RO 
245 1 0 |a International civil aviation today and twenty years later  |c Martin Grančay, Nora Szikorová 
500 |a Príspevok odznel na konferencii "The economic world' destiny: crisis and globalization?" 
520 |a Definícia megatrendov. Civilné letectvo - megatrendy za roky 1990-2010. Liberalizácia, nárast nízkonákladových aeroliniek. Zmeny, ktoré priniesol internet. Pohyby v cenách pohonných látok. Civilné letectvo - megatrendy pre nasledujúcich 20 rokov. 
610 2 0 |a doprava letecká 
610 2 0 |a megatrendy 
610 2 0 |a liberalizácia 
610 2 0 |a konsolidácia 
100 1 |a Grančay, Martin, 1984-2024 
700 1 |a Szikorová, Nóra